|
|
|
|
| LEADER |
00000nab a2200000 a 4500 |
| 001 |
vtls010254812 |
| 003 |
SK-MaSNL |
| 005 |
20260318133311.0 |
| 008 |
14022831c2006 xo o e en |
| 015 |
|
|
|a SNBRB2007/05
|
| 035 |
|
|
|a SVKKK000084355
|
| 038 |
|
|
|a SVKKK
|
| 040 |
|
|
|a SVKKK
|b slo
|c SVKKK
|e AACR2
|
| 041 |
0 |
|
|a eng
|b eng
|b slo
|
| 044 |
|
|
|a xo
|c SK
|
| 080 |
|
|
|a 332
|2 1997
|
| 080 |
|
|
|a 338.1(4)
|2 1997
|
| 100 |
1 |
|
|a Cotella, Giancarlo,
|d 1979-
|4 aut
|9 224080
|
| 245 |
1 |
0 |
|a Economic growth and territorial cohesion in CEECs: what chances for local development?
|c Giancarlo Cotella
|
| 300 |
|
|
|b Obr.
|
| 504 |
|
|
|a Bibliogr. odkazy
|
| 504 |
|
|
|a Res. angl., slov.
|
| 650 |
0 |
7 |
|a ekonomický rast
|2 SNKPH
|9 2146
|
| 651 |
|
7 |
|a Európa
|2 SNKPHgeo
|9 167569
|
| 773 |
0 |
|
|t Geografický časopis
|g Roč. 58, č. 4 (2006), s. 259-277
|x 0016-7193
|
| 852 |
|
|
|a SVKKK
|b BIB
|
| 958 |
|
|
|a NB
|
| 999 |
|
|
|c 2119086
|d 2121016
|